000 00887cam a2200205 4500
001 ABS65189
008 020312n2002 000 0 eng u
035 _a(Sirsi) u117115
245 _aWhere do you stand?
260 _c2002
490 _aEstates Gazette
_v(0209) 2 March 2002, 69-71(3)
520 _aLatest Estates Gazette/PSD Salary & Benefits Survey shows mostlypessimistic prospects for pay rises this year. Average salaries across the industry are £40 500 and bonuses are £6 000. Different roles in the profession are paid at varying rates with investment work being most highly rewarded at £54 300. This year the survey was conducted over the internet.
590 _aABS
650 _aSALARY SURVEYS
650 _aCHARTERED SURVEYING
650 _aBONUSES
650 _aINVESTMENT
690 _aMANAGEMENT-BUSINESS MANAGEMENT-PROFESSIONAL PRACTICE
942 _n0
999 _c69770
_d69770